[Event "GBR-ch111 Major Open"]
[Site "Liverpool"]
[Date "2025.08.05"]
[Round "4.9"]
[White "Sanada, Tetsuaki"]
[Black "Vashisht-Pigem, Raman"]
[Result "1-0"]
[WhiteElo "2021"]
[BlackElo "1981"]
[PlyCount "119"]
[EventDate "2025.08.02"]
[EventType "swiss"]
[EventRounds "9"]
[EventCountry "GBR"]
[SourceTitle "BritBase"]
[Source "John Saunders"]
[SourceDate "2025.08.11"]
[SourceVersion "1"]
[SourceVersionDate "2025.08.11"]
[SourceQuality "1"]

1. Nf3 d6 2. d4 Nf6 3. g3 g6 4. Bg2 Bg7 5. c4 O-O 6. O-O Nc6 7. Nc3 e5 8. dxe5 dxe5 9. Bg5 Qxd1 10. Raxd1 h6 11. Be3 Bf5 12. Nd5 Nxd5 13. cxd5 Ne7 14. Bc5 Rfe8 15. Nd2 Rad8 16. e4 Bd7 17. Nc4 Nc8 18. Rc1 f5 19. Bb4 Bb5 20. Rfd1 Bxc4 21. Rxc4 c6 22. Rcc1 cxd5 23. Rxd5 Rxd5 24. exd5 e4 25. b3 Nb6 26. d6 Nd5 27. d7 Rd8 28. Rc8 Bf6 29. Bc5 b6 30. Bd4 Be7 31. Bf1 Kf7 32. Bb5 Ke6 33. a4 Nb4 34. a5 Nd5 35. axb6 Nxb6 36. Rc6+ Kf7 37. Bxb6 axb6 38. Rxb6 e3 39. fxe3 Bc5 40. Rb7 Bxe3+ 41. Kf1 h5 42. Ke2 Bg1 43. h3 Bd4 44. Rc7 Be5 45. Rc8 Ke7 46. Kf3 g5 47. g4 fxg4+ 48. hxg4 hxg4+ 49. Kxg4 Bf4 50. Bc6 Bd2 51. Kf5 Ba5 52. Kxg5 Kd6 53. Ba4 Ke7 54. Kf5 Bb4 55. Ke5 Ba3 56. Kd5 Bb4 57. Bc6 Ba5 58. Kc5 Rf8 59. Re8+ Kf7 60. b4 1-0

[Event "GBR-ch111 Major Open"]
[Site "Liverpool"]
[Date "2025.08.05"]
[Round "4.10"]
[White "Green, Michael"]
[Black "Welling, Zac"]
[Result "1/2-1/2"]
[WhiteElo "2009"]
[BlackElo "1970"]
[PlyCount "112"]
[EventDate "2025.08.02"]
[EventType "swiss"]
[EventRounds "9"]
[EventCountry "GBR"]
[SourceTitle "BritBase"]
[Source "John Saunders"]
[SourceDate "2025.08.11"]
[SourceVersion "1"]
[SourceVersionDate "2025.08.11"]
[SourceQuality "1"]

1. d4 g6 2. Nf3 Bg7 3. c3 c5 4. dxc5 Nf6 5. Nbd2 Qc7 6. Nb3 Na6 7. Bg5 Nxc5 8. e3 O-O 9. Be2 d6 10. h3 Na4 11. Nbd4 Bd7 12. Nb5 Bxb5 13. Bxb5 Nxb2 14. Qb3 Ne4 15. Rc1 a6 16. Be2 Bxc3+ 17. Kf1 Qa5 18. Bxe7 Rfc8 19. Qxb7 d5 20. a3 Qc7 21. Bxa6 Nd3 22. Qxc7 Rxc7 23. Bxd3 Rxe7 24. Bxe4 dxe4 25. Rxc3 exf3 26. gxf3 Rea7 27. Kg2 Rxa3 28. Rhc1 Rxc3 29. Rxc3 Ra2 30. f4 Kg7 31. e4 Kf6 32. Rc6+ Ke7 33. Kg3 Rb2 34. f5 gxf5 35. exf5 f6 36. Rc7+ Kd6 37. Rxh7 Ke5 38. Rg7 Kxf5 39. h4 Rb1 40. Kg2 Rb4 41. Kh3 Rb1 42. Rg2 Kf4 43. Rg6 Rh1+ 44. Kg2 Rxh4 45. Rxf6+ Kg5 46. Ra6 Rb4 47. Kg3 Rb5 48. Ra4 Rc5 49. Rg4+ Kf5 50. Rh4 Rc3+ 51. f3 Kg5 52. Ra4 Rc5 53. f4+ Kf5 54. Ra3 Rb5 55. Kf3 Rc5 56. Rb3 Ra5 1/2-1/2

[Event "GBR-ch111 Major Open"]
[Site "Liverpool"]
[Date "2025.08.05"]
[Round "4.11"]
[White "Quaite, Toby"]
[Black "Davis, Colin J"]
[Result "1/2-1/2"]
[WhiteElo "1988"]
[BlackElo "1955"]
[PlyCount "63"]
[EventDate "2025.08.02"]
[EventType "swiss"]
[EventRounds "9"]
[EventCountry "GBR"]
[SourceTitle "BritBase"]
[Source "John Saunders"]
[SourceDate "2025.08.11"]
[SourceVersion "1"]
[SourceVersionDate "2025.08.11"]
[SourceQuality "1"]

1. d4 d6 2. Nf3 g6 3. c4 Nf6 4. Nc3 Bg7 5. e4 Bg4 6. Be2 Bxf3 7. Bxf3 e5 8. dxe5 dxe5 9. Qxd8+ Kxd8 10. Be3 h5 11. b4 Bh6 12. O-O-O+ Nbd7 13. Bxh6 Rxh6 14. c5 c6 15. Kb2 Ke7 16. Be2 Rhh8 17. f3 h4 18. Bc4 Rad8 19. Ne2 g5 20. g4 Nh7 21. Rd3 b5 22. cxb6 Nxb6 23. Kc3 Nxc4 24. Kxc4 Rxd3 25. Kxd3 Rd8+ 26. Ke3 Rb8 27. Rc1 Kd6 28. a3 Nf8 29. Kd3 Ne6 30. Kc4 Rb6 31. a4 Rb8 32. Rd1+ 1/2-1/2

[Event "GBR-ch111 Major Open"]
[Site "Liverpool"]
[Date "2025.08.05"]
[Round "4.12"]
[White "Raju, Sooraj Menothuparam"]
[Black "Thomas, James"]
[Result "1-0"]
[WhiteElo "2119"]
[BlackElo "1882"]
[PlyCount "73"]
[EventDate "2025.08.02"]
[EventType "swiss"]
[EventRounds "9"]
[EventCountry "GBR"]
[SourceTitle "BritBase"]
[Source "John Saunders"]
[SourceDate "2025.08.11"]
[SourceVersion "1"]
[SourceVersionDate "2025.08.11"]
[SourceQuality "1"]

1. e4 e6 2. d4 d5 3. Nc3 Nf6 4. exd5 exd5 5. Bg5 c6 6. Bd3 Be7 7. Nge2 O-O 8. Qd2 a5 9. Ng3 Re8 10. O-O-O b5 11. Rde1 Nbd7 12. Nf5 Bf8 13. Qf4 Rxe1+ 14. Rxe1 b4 15. Na4 Ba6 16. Re3 Bxd3 17. Rxd3 g6 18. Qh4 gxf5 19. Nc5 Bxc5 20. Rg3 Kh8 21. dxc5 Qe7 22. Re3 Qf8 23. Bxf6+ Nxf6 24. Qxf6+ Qg7 25. Qxc6 Rf8 26. Qxd5 Qg5 27. c6 Rd8 28. Qxa5 Rc8 29. Qd5 Kg8 30. Qd7 Rd8 31. Qe7 Qxe7 32. Rxe7 Rc8 33. c7 Kf8 34. Rd7 Ke8 35. Rd8+ Rxd8 36. cxd8=Q+ Kxd8 37. Kd2 1-0

[Event "GBR-ch111 Major Open"]
[Site "Liverpool"]
[Date "2025.08.05"]
[Round "4.13"]
[White "Izod, Chris"]
[Black "Varnam, Liam D"]
[Result "1/2-1/2"]
[WhiteElo "1944"]
[BlackElo "2105"]
[PlyCount "81"]
[EventDate "2025.08.02"]
[EventType "swiss"]
[EventRounds "9"]
[EventCountry "GBR"]
[SourceTitle "BritBase"]
[Source "John Saunders"]
[SourceDate "2025.08.11"]
[SourceVersion "1"]
[SourceVersionDate "2025.08.11"]
[SourceQuality "1"]

1. d4 Nf6 2. Nf3 c5 3. d5 b5 4. c3 b4 5. c4 g6 6. Nbd2 Bg7 7. e4 d6 8. Bd3 O-O 9. h3 e5 10. g4 h5 11. Nh2 hxg4 12. hxg4 Nh7 13. Qc2 Ng5 14. Ndf1 Nh3 15. Be3 b3 16. Qxb3 Nf4 17. Rg1 a5 18. Bc2 Nd7 19. Qc3 a4 20. Rd1 Nb6 21. Bc1 Nxc4 22. Qxc4 Ba6 23. Qc3 Ne2 24. Qe3 Nxg1 25. Bd3 c4 26. Bc2 c3 27. bxc3 Ne2 28. Ba3 Nf4 29. Qg3 Bc4 30. Ra1 Bf6 31. Nf3 Kg7 32. Ne3 Bd3 33. Bxd3 Nxd3+ 34. Kd2 Nf4 35. Nf5+ gxf5 36. gxf5+ Ng6 37. fxg6 fxg6 38. Rg1 g5 39. Nxg5 Bxg5+ 40. Qxg5+ Qxg5+ 41. Rxg5+ 1/2-1/2

[Event "GBR-ch111 Major Open"]
[Site "Liverpool"]
[Date "2025.08.05"]
[Round "4.14"]
[White "Rich, Aaron"]
[Black "Arnott, Jonathan W"]
[Result "1/2-1/2"]
[WhiteElo "1944"]
[BlackElo "2079"]
[PlyCount "52"]
[EventDate "2025.08.02"]
[EventType "swiss"]
[EventRounds "9"]
[EventCountry "GBR"]
[SourceTitle "BritBase"]
[Source "John Saunders"]
[SourceDate "2025.08.11"]
[SourceVersion "1"]
[SourceVersionDate "2025.08.11"]
[SourceQuality "1"]

1. e4 e6 2. d4 d5 3. Nc3 Nf6 4. Bg5 dxe4 5. Nxe4 Be7 6. Nxf6+ Bxf6 7. Bxf6 Qxf6 8. Nf3 c5 9. c3 cxd4 10. Qxd4 Qxd4 11. Nxd4 O-O 12. g3 a6 13. Bg2 Ra7 14. f4 b6 15. O-O-O Bb7 16. Rhg1 Bxg2 17. Rxg2 Rd7 18. Rgd2 Rfd8 19. Nf3 Kf8 20. a4 Ke7 21. Kc2 Rxd2+ 22. Rxd2 Rxd2+ 23. Nxd2 f6 24. Kd3 Nd7 25. b4 g5 26. fxg5 fxg5 1/2-1/2

[Event "GBR-ch111 Major Open"]
[Site "Liverpool"]
[Date "2025.08.05"]
[Round "4.15"]
[White "Sefton, Adam"]
[Black "Shivakumar, Akshath"]
[Result "1-0"]
[WhiteElo "2074"]
[BlackElo "1901"]
[PlyCount "135"]
[EventDate "2025.08.02"]
[EventType "swiss"]
[EventRounds "9"]
[EventCountry "GBR"]
[SourceTitle "BritBase"]
[Source "John Saunders"]
[SourceDate "2025.08.11"]
[SourceVersion "1"]
[SourceVersionDate "2025.08.11"]
[SourceQuality "1"]

1. e4 c5 2. Nf3 Nc6 3. Bb5 g6 4. Bxc6 dxc6 5. O-O Bg7 6. Re1 e5 7. a4 Ne7 8. d3 a5 9. h3 O-O 10. Na3 Qc7 11. Be3 b6 12. Nc4 h6 13. c3 Ba6 14. b3 Rad8 15. Qc2 Rd7 16. b4 Bxc4 17. dxc4 cxb4 18. cxb4 axb4 19. c5 bxc5 20. Qxc5 Rb8 21. Reb1 Nc8 22. Rb3 Qd6 23. Rc1 Qxc5 24. Rc2 Qc3 25. Rcxc3 Nd6 26. Rxc6 Nxe4 27. Rc4 Nd6 28. Rcxb4 Rxb4 29. Rxb4 Nf5 30. Bb6 Nd4 31. a5 Nxf3+ 32. gxf3 Rd1+ 33. Kg2 Ra1 34. Rc4 Kf8 35. Rc7 Ke8 36. Ra7 Bf6 37. a6 Bg5 38. Ra8+ Kd7 39. a7 Kc6 40. Rb8 Bf4 41. a8=Q+ Rxa8 42. Rxa8 Kxb6 43. Rf8 g5 44. Rxf7 h5 45. h4 gxh4 46. Rh7 Kc5 47. Rxh5 Kd5 48. Rxh4 Ke6 49. Kh3 Kf5 50. Rh5+ Kg6 51. Kg4 Kf6 52. Rf5+ Ke6 53. Rxf4 exf4 54. Kxf4 Kf6 55. Ke4 Ke6 56. f4 Kf6 57. f5 Kf7 58. Ke5 Ke7 59. f6+ Kf7 60. Kf5 Kf8 61. Ke6 Ke8 62. f7+ Kf8 63. f3 Kg7 64. Ke7 Kg6 65. f8=Q Kg5 66. Qf6+ Kh5 67. Qg7 Kh4 68. Qg4# 1-0

[Event "GBR-ch111 Major Open"]
[Site "Liverpool"]
[Date "2025.08.05"]
[Round "4.16"]
[White "Peart, Alan"]
[Black "McCarthy, Damian M"]
[Result "1/2-1/2"]
[WhiteElo "2065"]
[BlackElo "1924"]
[PlyCount "90"]
[EventDate "2025.08.02"]
[EventType "swiss"]
[EventRounds "9"]
[EventCountry "GBR"]
[SourceTitle "BritBase"]
[Source "John Saunders"]
[SourceDate "2025.08.11"]
[SourceVersion "1"]
[SourceVersionDate "2025.08.11"]
[SourceQuality "1"]

1. e4 c5 2. Nf3 Nc6 3. Bb5 g6 4. Bxc6 dxc6 5. d3 Bg7 6. O-O e5 7. Be3 Qe7 8. h3 Nf6 9. a4 Nd7 10. Na3 Nf8 11. Nc4 f6 12. b4 cxb4 13. d4 Be6 14. d5 cxd5 15. exd5 Rd8 16. d6 Qd7 17. Nfd2 Rc8 18. Qe2 b6 19. f4 e4 20. Bxb6 f5 21. Bc7 Bxa1 22. Rxa1 Rxc7 23. dxc7 Qxc7 24. Ne5 Qc5+ 25. Kh1 Nd7 26. Qa6 Ke7 27. Qb7 Qb6 28. Nc6+ Kd6 29. Nc4+ Bxc4 30. Rd1+ Bd5 31. Rxd5+ Kxd5 32. Qxd7+ Kc5 33. Nd4 Kc4 34. Ne6 Rb8 35. a5 Qb7 36. Qd4+ Kb5 37. Qc5+ Ka4 38. Qe5 Rc8 39. Qa1+ Kb5 40. Qe5+ Ka4 41. Qa1+ Kb5 42. Qe5+ Ka6 43. Nd4 Qd7 44. Kh2 Rd8 45. Ne6 Rc8 1/2-1/2

[Event "GBR-ch111 Major Open"]
[Site "Liverpool"]
[Date "2025.08.05"]
[Round "4.17"]
[White "Melia, Alfie"]
[Black "Norris, Zack"]
[Result "0-1"]
[WhiteElo "1904"]
[BlackElo "2036"]
[PlyCount "88"]
[EventDate "2025.08.02"]
[EventType "swiss"]
[EventRounds "9"]
[EventCountry "GBR"]
[SourceTitle "BritBase"]
[Source "John Saunders"]
[SourceDate "2025.08.11"]
[SourceVersion "1"]
[SourceVersionDate "2025.08.11"]
[SourceQuality "1"]

1. d4 Nf6 2. c4 g6 3. g3 Bg7 4. Bg2 O-O 5. Nc3 d6 6. Nf3 c5 7. O-O Nc6 8. dxc5 dxc5 9. Be3 Qa5 10. Qb3 Qb4 11. Na4 Na5 12. Qxb4 cxb4 13. Rac1 Ne4 14. Rfd1 b3 15. Nd4 Nd6 16. c5 Bxd4 17. Bxd4 Nb5 18. Bc3 Nxc3 19. Nxc3 Be6 20. axb3 Nxb3 21. Bxb7 Rab8 22. c6 Nxc1 23. Rxc1 Bc8 24. Bxc8 Rfxc8 25. Nd5 Kf8 26. Rc2 e6 27. Nf6 Ke7 28. Nd7 Rb4 29. Ne5 Rb6 30. Rd2 Rc7 31. Rd4 Rxb2 32. Rh4 Rxe2 33. Nxf7 h5 34. Kf1 Ra2 35. Ne5 Kd6 36. Re4 a5 37. f4 Rxh2 38. Ke1 Kc5 39. Nd3+ Kxc6 40. Rxe6+ Kb5 41. Rxg6 a4 42. Rg5+ Kc4 43. Nf2 a3 44. Ra5 Kb4 0-1

[Event "GBR-ch111 Major Open"]
[Site "Liverpool"]
[Date "2025.08.05"]
[Round "4.18"]
[White "Pilley, Jack"]
[Black "Lukhi, Neev"]
[Result "1/2-1/2"]
[WhiteElo "2032"]
[BlackElo "1869"]
[PlyCount "163"]
[EventDate "2025.08.02"]
[EventType "swiss"]
[EventRounds "9"]
[EventCountry "GBR"]
[SourceTitle "BritBase"]
[Source "John Saunders"]
[SourceDate "2025.08.11"]
[SourceVersion "1"]
[SourceVersionDate "2025.08.11"]
[SourceQuality "1"]

1. e4 e6 2. d4 d5 3. Nd2 dxe4 4. Nxe4 Nd7 5. Nf3 Ngf6 6. Nxf6+ Nxf6 7. g3 c5 8. Be3 Nd5 9. Bg5 Qa5+ 10. c3 cxd4 11. Qxd4 f6 12. Bd2 Be7 13. Bg2 Qa6 14. Bf1 Qc6 15. Qc4 Qb6 16. Qb5+ Bd7 17. Qxb6 Nxb6 18. Be2 Bc6 19. O-O-O O-O-O 20. Rhe1 e5 21. Nh4 g6 22. f4 e4 23. Be3 f5 24. Bd4 Rhf8 25. Ng2 Bf6 26. Bxb6 axb6 27. Ne3 b5 28. a3 Be7 29. b4 g5 30. c4 gxf4 31. gxf4 bxc4 32. Bxc4 Kc7 33. Rxd8 Bxd8 34. Rg1 Bf6 35. Rg8 Rxg8 36. Bxg8 Bd4 37. Nxf5 Bg1 38. Bxh7 e3 39. Nd4 Bxh2 40. Kd1 Kd6 41. Ke2 Bxf4 42. Kd3 e2 43. Nxe2 Bb5+ 44. Ke4 Bxe2 45. Kxf4 Kd5 46. Ke3 Bb5 47. Be4+ Kc4 48. Bxb7 Kb3 49. Kd4 Kxa3 50. Kc5 Bd7 51. Be4 Be8 52. Bd3 Ka4 53. Bf5 Ka3 54. Be6 Ka4 55. Bc4 Bd7 56. Bf7 Ka3 57. Kc4 Bc6 58. Bh5 Bd7 59. Bd1 Be8 60. Kc5 Bd7 61. Bc2 Be8 62. Bd3 Ka4 63. Be4 Bd7 64. Bb7 Be8 65. Bc8 Bb5 66. Bf5 Be8 67. Be6 Ka3 68. Bg8 Ka4 69. Be6 Ka3 70. Bf5 Ka4 71. Bh7 Bd7 72. Bg6 Ka3 73. Bf7 Ka4 74. Bh5 Ka3 75. Bf7 Ka4 76. Bc4 Be8 77. Bd3 Bd7 78. Bc2+ Ka3 79. Bd1 Be8 80. Be2 Ka4 81. b5 Bxb5 82. Bxb5+ 1/2-1/2

[Event "GBR-ch111 Major Open"]
[Site "Liverpool"]
[Date "2025.08.05"]
[Round "4.19"]
[White "Patton, Zachary"]
[Black "Lee, Alexandre KM"]
[Result "0-1"]
[WhiteElo "1899"]
[BlackElo "2006"]
[PlyCount "102"]
[EventDate "2025.08.02"]
[EventType "swiss"]
[EventRounds "9"]
[EventCountry "GBR"]
[SourceTitle "BritBase"]
[Source "John Saunders"]
[SourceDate "2025.08.11"]
[SourceVersion "1"]
[SourceVersionDate "2025.08.11"]
[SourceQuality "1"]

1. e4 e6 2. d4 d5 3. Nd2 c5 4. Ngf3 cxd4 5. exd5 Qxd5 6. Bc4 Qd7 7. O-O Nc6 8. Nb3 a6 9. Nbxd4 Nxd4 10. Nxd4 Qc7 11. Qe2 Bd6 12. h3 Ne7 13. b3 O-O 14. Bb2 b5 15. Bd3 Ng6 16. f4 Bxf4 17. Qh5 Bb7 18. Nf3 Rad8 19. h4 Rd5 20. Qg4 f5 21. Qh3 Bg3 22. Kh1 h6 23. a4 Bc8 24. axb5 axb5 25. Ra8 Bd6 26. Nd4 Be5 27. h5 Bxd4 28. Bxd4 Rxd4 29. hxg6 Qc6 30. Rb8 Rg4 31. Bxb5 Qd6 32. Qh2 f4 33. Ra8 Qd5 34. Qh3 Rg5 35. Rxf4 Rh5 36. Rxf8+ Kxf8 37. Rxc8+ Ke7 38. Re8+ Kf6 39. Rf8+ Kg5 40. Qxh5+ Kxh5 41. Bd3 Qe5 42. Rf7 Kg5 43. Rf3 Qe1+ 44. Kh2 e5 45. Rg3+ Kf4 46. Rf3+ Kg4 47. Rf1 Qg3+ 48. Kh1 Qe3 49. Ra1 Kg3 50. Rb1 e4 51. Bf1 Qf4 0-1

[Event "GBR-ch111 Major Open"]
[Site "Liverpool"]
[Date "2025.08.05"]
[Round "4.20"]
[White "Keerthi Kumar, Advait"]
[Black "Gadzhiev, Farid"]
[Result "1-0"]
[WhiteElo "1878"]
[BlackElo "1978"]
[PlyCount "103"]
[EventDate "2025.08.02"]
[EventType "swiss"]
[EventRounds "9"]
[EventCountry "GBR"]
[SourceTitle "BritBase"]
[Source "John Saunders"]
[SourceDate "2025.08.11"]
[SourceVersion "1"]
[SourceVersionDate "2025.08.11"]
[SourceQuality "1"]

1. e4 c5 2. Nf3 e6 3. d4 cxd4 4. Nxd4 Nf6 5. Nc3 d6 6. Bc4 a6 7. Bb3 b5 8. a3 Be7 9. O-O O-O 10. Qe2 Qc7 11. Bg5 Bd7 12. Rad1 Nc6 13. Kh1 Na5 14. f4 Nxb3 15. cxb3 Bc6 16. Rc1 h6 17. Bh4 e5 18. Nxc6 Qxc6 19. Nd5 Qe8 20. Nc7 Qd7 21. Nxa8 Rxa8 22. Bxf6 Bxf6 23. Rfd1 exf4 24. Rc2 Qe6 25. Qd3 Be5 26. Qd5 Qxd5 27. exd5 Kh7 28. Kg1 g5 29. a4 bxa4 30. bxa4 Rb8 31. Rb1 Rb4 32. b3 Rd4 33. b4 Rxd5 34. b5 axb5 35. axb5 Kg6 36. b6 Bd4+ 37. Kf1 Bxb6 38. Rxb6 Rd1+ 39. Ke2 Rh1 40. Rxd6+ Kh5 41. h3 g4 42. Rc5+ Kh4 43. Rxh6+ Kg3 44. Rg5 f5 45. Rxf5 Kxg2 46. Rxf4 g3 47. Rg4 Rh2 48. Ke3 Rh1 49. h4 Kh2 50. Rhg6 Ra1 51. Rxg3 Ra3+ 52. Kd2 1-0

[Event "GBR-ch111 Major Open"]
[Site "Liverpool"]
[Date "2025.08.05"]
[Round "4.21"]
[White "Vaddhireddy, Sai"]
[Black "Liu, Jacob"]
[Result "1/2-1/2"]
[WhiteElo "1972"]
[BlackElo "1859"]
[PlyCount "135"]
[EventDate "2025.08.02"]
[EventType "swiss"]
[EventRounds "9"]
[EventCountry "GBR"]
[SourceTitle "BritBase"]
[Source "John Saunders"]
[SourceDate "2025.08.11"]
[SourceVersion "1"]
[SourceVersionDate "2025.08.11"]
[SourceQuality "1"]

1. c4 c6 2. Nf3 Nf6 3. g3 d5 4. Bg2 Bf5 5. Qb3 Qc8 6. cxd5 cxd5 7. Nc3 Nc6 8. O-O e6 9. d3 Be7 10. Bf4 O-O 11. Rac1 Qd7 12. e4 Bg4 13. exd5 Bxf3 14. Bxf3 Nd4 15. Qd1 Nxf3+ 16. Qxf3 Nxd5 17. Nxd5 Qxd5 18. Qxd5 exd5 19. Rc7 Bf6 20. Rxb7 Rfc8 21. Rc1 g5 22. Rxc8+ Rxc8 23. Rb8 Rxb8 24. Bxb8 a6 25. b3 g4 26. Kf1 Bd4 27. Ke2 Kf8 28. Bf4 Ke7 29. Be3 Bc3 30. Bc5+ Ke6 31. Ke3 Ke5 32. f4+ Ke6 33. Bd4 Bb4 34. Ke2 f5 35. Kd1 Kd6 36. Kc2 Ba3 37. Kc3 a5 38. Kc2 Kc6 39. Be3 Kb5 40. Kd1 Kc6 41. Ke2 Kb5 42. Kd1 Kc6 43. Kd2 Kb5 44. Kc2 Kc6 45. Kc3 h5 46. Bf2 Kb5 47. Ba7 Kc6 48. Kd4 Bb2+ 49. Ke3 Ba3 50. Bd4 Kd6 51. Bc3 Bc5+ 52. d4 Bb6 53. a4 Kc6 54. Kd3 Bd8 55. Be1 Kb6 56. b4 axb4 57. Bxb4 Ka6 58. Kc3 Bb6 59. Bc5 Ba5+ 60. Bb4 Bb6 61. Kd3 Bd8 62. Bc3 Bc7 63. Kc2 Bd8 64. Kb3 Bc7 65. Bb4 Bb6 66. Bc5 Ba5 67. Bb4 Bb6 68. Bc5 1/2-1/2

[Event "GBR-ch111 Major Open"]
[Site "Liverpool"]
[Date "2025.08.05"]
[Round "4.22"]
[White "Skettos, Nicolas"]
[Black "Kendall, Arthur"]
[Result "1/2-1/2"]
[WhiteElo "1968"]
[BlackElo "1826"]
[PlyCount "119"]
[EventDate "2025.08.02"]
[EventType "swiss"]
[EventRounds "9"]
[EventCountry "GBR"]
[SourceTitle "BritBase"]
[Source "John Saunders"]
[SourceDate "2025.08.11"]
[SourceVersion "1"]
[SourceVersionDate "2025.08.11"]
[SourceQuality "1"]

1. e4 e6 2. d4 d5 3. Bd3 dxe4 4. Bxe4 Nf6 5. Bf3 c5 6. Ne2 Nc6 7. Be3 cxd4 8. Nxd4 Ne5 9. Nc3 Be7 10. Qe2 Nxf3+ 11. Nxf3 O-O 12. Bd4 Qa5 13. O-O-O b6 14. Ne5 Bb7 15. f3 Rac8 16. Kb1 Rc7 17. Qb5 Qa6 18. Rd2 Rfc8 19. Rhd1 Kf8 20. Qb3 Rd8 21. a3 Rcc8 22. Re1 Nd5 23. Nb5 Bf6 24. c4 Ne7 25. Red1 Nc6 26. Nxc6 Bxc6 27. Bxf6 Rxd2 28. Bxg7+ Kxg7 29. Rxd2 Bxb5 30. Qxb5 Qxb5 31. cxb5 Rc7 32. a4 Kf6 33. Rd4 Ke5 34. Rh4 f5 35. b3 Kd5 36. Kb2 e5 37. Rh5 f4 38. Rf5 Rg7 39. g3 fxg3 40. hxg3 Kd4 41. g4 e4 42. Rf4 Ke3 43. Rxe4+ Kxf3 44. Rc4 Rxg4 45. Rc7 h5 46. Rxa7 h4 47. Rh7 Kg3 48. Kc3 h3 49. Rxh3+ Kxh3 50. b4 Kg3 51. a5 Kf4 52. Kd4 Kf5+ 53. Kd5 Rxb4 54. axb6 Rxb5+ 55. Kc6 Rb1 56. b7 Ke6 57. Kc7 Rc1+ 58. Kd8 Rb1 59. Kc7 Rxb7+ 60. Kxb7 1/2-1/2

[Event "GBR-ch111 Major Open"]
[Site "Liverpool"]
[Date "2025.08.05"]
[Round "4.23"]
[White "Lee, Yuk Hei"]
[Black "Brown, Tom"]
[Result "1/2-1/2"]
[WhiteElo "1868"]
[BlackElo "1961"]
[PlyCount "82"]
[EventDate "2025.08.02"]
[EventType "swiss"]
[EventRounds "9"]
[EventCountry "GBR"]
[SourceTitle "BritBase"]
[Source "John Saunders"]
[SourceDate "2025.08.11"]
[SourceVersion "1"]
[SourceVersionDate "2025.08.11"]
[SourceQuality "1"]

1. e4 c6 2. d4 d5 3. Nc3 dxe4 4. Nxe4 Nd7 5. Nf3 Ngf6 6. Nxf6+ Nxf6 7. c3 Bg4 8. Bc4 e6 9. h3 Bh5 10. Qe2 Be7 11. O-O O-O 12. Re1 Nd5 13. a4 a5 14. Bd2 Qc7 15. Rad1 Bd6 16. Bd3 Nf4 17. Bxf4 Bxf4 18. Qe4 Bg6 19. Qe2 Bxd3 20. Rxd3 Rad8 21. g3 Bd6 22. Kg2 c5 23. d5 exd5 24. Rxd5 Qc6 25. Red1 Bc7 26. Qc4 b6 27. b3 h6 28. h4 Rxd5 29. Rxd5 Rd8 30. Rxd8+ Bxd8 31. Qd3 Bf6 32. c4 g6 33. Kg1 h5 34. Nd2 Kg7 35. Ne4 Bd4 36. Qe2 Qe6 37. Qf3 Qe7 38. Kh2 Be5 39. Kg1 Bd4 40. Kh2 Be5 41. Kg1 Bd4 1/2-1/2

[Event "GBR-ch111 Major Open"]
[Site "Liverpool"]
[Date "2025.08.05"]
[Round "4.24"]
[White "Buckland, Louis"]
[Black "Byrne, Colin J"]
[Result "1-0"]
[WhiteElo "1961"]
[BlackElo "1716"]
[PlyCount "95"]
[EventDate "2025.08.02"]
[EventType "swiss"]
[EventRounds "9"]
[EventCountry "GBR"]
[SourceTitle "BritBase"]
[Source "John Saunders"]
[SourceDate "2025.08.11"]
[SourceVersion "1"]
[SourceVersionDate "2025.08.11"]
[SourceQuality "1"]

1. d4 Nf6 2. c4 g6 3. Nc3 Bg7 4. e4 d6 5. Be2 O-O 6. Bg5 h6 7. Be3 e5 8. d5 Nbd7 9. Qd2 Kh7 10. f3 a5 11. g4 Ng8 12. h4 b6 13. O-O-O Nc5 14. Nh3 Bd7 15. Ng5+ Kh8 16. h5 f5 17. hxg6 f4 18. Nf7+ Rxf7 19. gxf7 fxe3 20. fxg8=Q+ Kxg8 21. Qxe3 Qg5 22. Qxg5 hxg5 23. Rh5 Kf7 24. Rdh1 Kg6 25. Nd1 Rg8 26. Ne3 Bf6 27. Nf5 Bxf5 28. gxf5+ Kf7 29. Rh7+ Rg7 30. Kd2 Rxh7 31. Rxh7+ Bg7 32. Bd3 Kf6 33. Bc2 Kf7 34. Kc3 Kg8 35. Rh5 Bf6 36. b4 axb4+ 37. Kxb4 Kg7 38. Kb5 Bd8 39. Kc6 Kg8 40. Rh6 Kg7 41. Rg6+ Kf7 42. a3 Kf8 43. f6 Kf7 44. Rxg5 Kxf6 45. Rg8 Ke7 46. Rh8 Na6 47. Kb7 Nc5+ 48. Kc8 1-0

[Event "GBR-ch111 Major Open"]
[Site "Liverpool"]
[Date "2025.08.05"]
[Round "4.25"]
[White "Ding, Yiwen"]
[Black "Savage, Andrew"]
[Result "1/2-1/2"]
[WhiteElo "1844"]
[BlackElo "1950"]
[PlyCount "26"]
[EventDate "2025.08.02"]
[EventType "swiss"]
[EventRounds "9"]
[EventCountry "GBR"]
[SourceTitle "BritBase"]
[Source "John Saunders"]
[SourceDate "2025.08.11"]
[SourceVersion "1"]
[SourceVersionDate "2025.08.11"]
[SourceQuality "1"]

1. d4 Nf6 2. c4 e5 3. dxe5 Ng4 4. Nf3 Bc5 5. e3 Nc6 6. Nbd2 Ngxe5 7. Nxe5 Nxe5 8. a3 a5 9. Nf3 Qf6 10. Nxe5 Qxe5 11. Qd5 d6 12. Qxe5+ dxe5 13. Bd2 Be6 1/2-1/2

[Event "GBR-ch111 Major Open"]
[Site "Liverpool"]
[Date "2025.08.05"]
[Round "4.26"]
[White "Richmond, Frank"]
[Black "Rastogi, Nayan Keats"]
[Result "1/2-1/2"]
[WhiteElo "1836"]
[BlackElo "1948"]
[PlyCount "38"]
[EventDate "2025.08.02"]
[EventType "swiss"]
[EventRounds "9"]
[EventCountry "GBR"]
[SourceTitle "BritBase"]
[Source "John Saunders"]
[SourceDate "2025.08.11"]
[SourceVersion "1"]
[SourceVersionDate "2025.08.11"]
[SourceQuality "1"]

1. e4 c5 2. Nf3 d6 3. d4 cxd4 4. Qxd4 Nc6 5. Bb5 Bd7 6. Qd3 g6 7. c4 Bg7 8. Nc3 Nf6 9. O-O O-O 10. h3 a6 11. Bxc6 Bxc6 12. Be3 Nd7 13. Nd4 Rc8 14. Rfd1 Ne5 15. Qe2 Bd7 16. b3 b5 17. f4 Nc6 18. Nxc6 Rxc6 19. Rac1 e6 1/2-1/2

[Event "GBR-ch111 Major Open"]
[Site "Liverpool"]
[Date "2025.08.05"]
[Round "4.27"]
[White "De Silva, Sithun"]
[Black "Davis, Cameron"]
[Result "1-0"]
[WhiteElo "1817"]
[BlackElo "1944"]
[PlyCount "109"]
[EventDate "2025.08.02"]
[EventType "swiss"]
[EventRounds "9"]
[EventCountry "GBR"]
[SourceTitle "BritBase"]
[Source "John Saunders"]
[SourceDate "2025.08.11"]
[SourceVersion "1"]
[SourceVersionDate "2025.08.11"]
[SourceQuality "1"]

1. e4 e6 2. d4 d5 3. Nd2 Nc6 4. Ngf3 Nf6 5. e5 Nd7 6. Nb3 Be7 7. c3 O-O 8. Bf4 f6 9. exf6 Bxf6 10. Bg3 Kh8 11. Be2 e5 12. dxe5 Ndxe5 13. Nxe5 Nxe5 14. O-O c6 15. Kh1 a5 16. a4 Nf7 17. Bd3 Ne5 18. Bxe5 Qe8 19. Bxf6 Rxf6 20. Nd4 Qf8 21. Qd2 Bd7 22. Rae1 Qd6 23. Qg5 Raf8 24. f3 Rh6 25. Qe5 Qf6 26. Qxf6 Rhxf6 27. Re7 Bc8 28. Rfe1 g6 29. Re8 Kg7 30. Ne6+ Bxe6 31. R1xe6 Rxe6 32. Rxe6 Kf7 33. Re2 Rb8 34. Kg1 Kf6 35. b3 b5 36. axb5 cxb5 37. Ra2 Rc8 38. Rc2 a4 39. bxa4 bxa4 40. Kf2 a3 41. Ke3 Ke5 42. f4+ Kd6 43. Kd4 Ra8 44. Ra2 Ra4+ 45. c4 dxc4 46. Bxc4 h6 47. Re2 Kd7 48. Kc5 a2 49. Rxa2 Rxa2 50. Bxa2 Ke7 51. Kd4 Kf6 52. Bb1 h5 53. Ke3 g5 54. h3 h4 55. Kf3 1-0